000 00657nam a2200229 i 4500
001 C2-0243848
003 PPAK
005 20180727205351.0
008 021113s1994 io a|||| ||||| | may d
040 _aPPAK
_beng
_cPPAK
_erda
082 0 4 _a297.4
_223
090 0 0 _a297.4
_bSTU
_dKSA
245 0 0 _aStudia Islamika :
_bindonesian journal for islamic studies
264 1 _aJakarta, Indonesia :
_bINIS ,
_c1994
300 _a266 pages :
_billustrations ;
_c23 cm
336 _2rdacontent
_atext
337 _2rdamedia
_aunmediated
338 _2rdacarrier
_avolume
500 _aVol. 1, No. 3
650 1 0 _aIslam research - periodicals.
942 _ddc
_cB
999 _c58269
_d58269